Central Library OPAC University of Rajshahi

Population : (Record no. 33168)

MARC details
000 -LEADER
fixed length control field 01144cam a2200349 a 4500
001 - CONTROL NUMBER
control field 33168
003 - CONTROL NUMBER IDENTIFIER
rucl marc code BD-RjUL
005 - DATE AND TIME OF LATEST TRANSACTION
control field 20211209051947.0
008 - FIXED-LENGTH DATA ELEMENTS--GENERAL INFORMATION
fixed length control field 140430s1981 ii b 000 0 eng d
035 ## - SYSTEM CONTROL NUMBER
System control number (OCoLC)10010857
System control number (OCoLC)ocm10010857
System control number (CStRLIN)NYCG84-B66253
System control number (BD-RjUL)33259
System control number (NNC)260891
040 ## - CATALOGING SOURCE
Modifying agency CStRLIN
Original cataloging agency BD-RjUL
Language of cataloging eng
Transcribing agency BD-RjUL
041 ## - LANGUAGE CODE
Language code of text/sound track or separate title eng
082 0# - DEWEY DECIMAL CLASSIFICATION NUMBER
Classification number 304.6094
Edition number 19
Author mark and year HOP 1981
090 ## - LOCALLY ASSIGNED LC-TYPE CALL NUMBER (OCLC); LOCAL CALL NUMBER (OCLC)
Classification number (OCLC) (R) ; Classification number, CALL (RLIN) (NR) HB3639
Local cutter number (OCLC) ; Book number/undivided call number, CALL (RLIN) .H63 1981
100 1# - MAIN ENTRY--PERSONAL NAME
Personal name Hofsten, Erland L.
9 (RLIN) 100743
245 10 - TITLE STATEMENT
Title Population :
Remainder of title a comparative view of European and Indian experience /
Statement of responsibility, etc. Erland L. Hofsten.
260 ## - PUBLICATION, DISTRIBUTION, ETC. (IMPRINT)
Place of publication, distribution, etc. Delhi :
Name of publisher, distributor, etc. Hindustan Pub. Corp.,
Date of publication, distribution, etc. 1981.
300 ## - PHYSICAL DESCRIPTION
Pagination vi, 52 p. ;
Size 22 cm.
490 1# - SERIES STATEMENT
Series statement Occasional papers / Institute of Economic Growth ;
Volume/sequential designation new ser., 4
504 ## - BIBLIOGRAPHY, ETC. NOTE
Bibliography, etc Includes bibliographies.
651 #0 - SUBJECT ADDED ENTRY--GEOGRAPHIC NAME
Geographic name India
General subdivision Population.
9 (RLIN) 100744
Geographic name Europe
General subdivision Population
-- History.
9 (RLIN) 100745
830 #0 - SERIES ADDED ENTRY--UNIFORM TITLE
Volume number/sequential designation new ser., no. 4.
Uniform title Occasional papers (Institute of Economic Growth (India)) ;
942 ## - ADDED ENTRY ELEMENTS (KOHA)
Source of classification or shelving scheme Dewey Decimal Classification
Koha item type Books
Holdings
Lost status Source of classification or shelving scheme Damaged status Not for loan Collection code Permanent Location Current Location Shelving location Date acquired Source of acquisition Cost, normal purchase price Total Checkouts Full call number Date last seen Copy number Koha item type
  Dewey Decimal Classification     Non-fiction Central Library, University of Rajshahi Central Library, University of Rajshahi   20/01/1985 Tulip 25.00   304.6094 HOP 1981 30/04/2014 C-2 Books
  Dewey Decimal Classification     Non-fiction Central Library, University of Rajshahi Central Library, University of Rajshahi   20/01/1985 Tulip 25.00   304.6094 HOP 1981 18/05/2014 C-4 Books
  Dewey Decimal Classification     Non-fiction Central Library, University of Rajshahi Central Library, University of Rajshahi   21/01/1986 Tulip 25.00   304.6094 HOP 1981 19/05/2014 C-3 Books
  Dewey Decimal Classification   Not For Loan Non-fiction Central Library, University of Rajshahi Central Library, University of Rajshahi Reading Room 20/01/1985 Tulip 25.00   304.6094 HOP 1981 19/05/2014 C-1 Books
  Dewey Decimal Classification     Non-fiction Central Library, University of Rajshahi Central Library, University of Rajshahi   20/01/1985 Tulip 25.00   304.6094 HOP 1981 26/05/2014 C-5 Books